Physiologie des foyers de tous les théâtres de Paris / (Record no. 25079)

MARC details
000 -LEADER
campo de control de longitud fija 01029nam a2200265 i 4500
001 - NÚMERO DE CONTROL
campo de control 25079
003 - IDENTIFICADOR DE NÚMERO DE CONTROL
campo de control ES-MaACL
005 - FECHA Y HORA DE LA ÚLTIMA TRANSACCIÓN
campo de control 20250709063211.0
007 - CAMPO FIJO DE DESCRIPCIÓN FÍSICA--INFORMACIÓN GENERAL
campo de control de longitud fija t|
008 - DATOS DE LONGITUD FIJA--INFORMACIÓN GENERAL
campo de control de longitud fija 021220e1841 fr ||||1| fre d
080 ## - NÚMERO DE LA CLASIFICACIÓN DECIMAL UNIVERSAL
Número de la Clasificación Decimal Universal 792.05
080 ## - NÚMERO DE LA CLASIFICACIÓN DECIMAL UNIVERSAL
Número de la Clasificación Decimal Universal 725.91:792
100 1# - ENTRADA PRINCIPAL--NOMBRE DE PERSONA
Nombre de persona Arago, Jacques,
Fechas asociadas al nombre 1790-1855
9 (RLIN) 22166
Término indicativo de función/relación Autor
245 10 - MENCIÓN DEL TÍTULO
Título Physiologie des foyers de tous les théâtres de Paris /
Mención de responsabilidad, etc. par J. Arago
260 ## - PUBLICACIÓN, DISTRIBUCIÓN, ETC.
Lugar de publicación, distribución, etc. Paris :
Nombre del editor, distribuidor, etc. chez les marchands de nouveautés,
Fecha de publicación, distribución, etc. 1841
300 ## - DESCRIPCIÓN FÍSICA
Extensión 144 páginas ;
Dimensiones 16 cm.
530 ## - NOTA DISPONIBLE DE FORMULARIO FÍSICO ADICIONAL
Nota de formato físico adicional disponible Disponible en formato digital
650 #4 - PUNTO DE ACCESO ADICIONAL DE MATERIA--TÉRMINO DE MATERIA
9 (RLIN) 17397
Término de materia o nombre geográfico como elemento de entrada Teatros-
Subdivisión geográfica París-
Subdivisión cronológica S.XIX
852 ## - LOCALIZACIÓN
Ubicación ES-MaACL
Ubicación en estantería Depósito folletos
Donativo/Legado Donativo Haes
Número de control de estantería T-223-F-1
Encuadernación En lomo: Haes
856 ## - LOCALIZACIÓN Y ACCESO ELECTRÓNICOS
Identificador Uniforme de Recursos <a href="https://archive.org/details/physiologiedesfo00araguoft/page/2/mode/2up">https://archive.org/details/physiologiedesfo00araguoft/page/2/mode/2up</a>
Texto de enlace Versión en línea
Nota pública (Internet Archive)
856 ## - LOCALIZACIÓN Y ACCESO ELECTRÓNICOS
Identificador Uniforme de Recursos <a href="https://gallica.bnf.fr/ark:/12148/btv1b85302336">https://gallica.bnf.fr/ark:/12148/btv1b85302336</a>
Texto de enlace Versión en línea
Nota pública (Gallica. Bibliothèque nationale de France)
942 ## - ELEMENTOS DE ENTRADA SECUNDARIOS (KOHA)
Fuente del sistema de clasificación o colocación Clasificación decimal universal
Tipo de ítem Koha Folleto
Suprimir en OPAC No
Holdings
Estatus retirado Estado de pérdida Fuente del sistema de clasificación o colocación Estado de daño No para préstamo Colección Biblioteca de origen Biblioteca actual Ubicación en estantería Fecha de adquisición Fuente de adquisición Total de préstamos Signatura topográfica completa Código de barras Visto por última vez Tipo de ítem Koha
    Clasificación decimal universal     Colección de folletos Biblioteca del Ateneo de Madrid Biblioteca del Ateneo de Madrid Depósito folletos 17/01/2008 Donación   T-223-F-1 1025857 23/02/2023 Folleto